Marki samochodów #6 - Statystyki

Ogólne statystyki
  • Ten quiz został rozwiązany 217 razy
  • Średni wynik to 6 z 6
Odpowiedzi na mapie
Odpowiedzi zakodowano w zielono-czerwonej skali na mapie do tego quizu, zgodnie z poniższymi procentami.
 
Statystyki odpowiedzi
Odpowiedź % Poprawnych
Opel
98%
Pegueot
96%
Skoda
96%
Renault
95%
GMC
94%
Scania
93%
Nie znaleziono quizów pasujących do podanych kryteriów
Rozkład punktacji
Procent ludzi z każdym wynikiem
Percentyl według liczby udzielonych odpowiedzi
Twoja historia wyników
Nie rozwiązałeś tego quizu